तीस एकांकी / (Record no. 112522)

MARC details
000 -LEADER
fixed length control field 00976nam a22002537a 4500
005 - DATE AND TIME OF LATEST TRANSACTION
control field 20170124102940.0
010 ## - LIBRARY OF CONGRESS CONTROL NUMBER
LC control number B-157936
020 ## - INTERNATIONAL STANDARD BOOK NUMBER
Terms of availability 200.00
International Standard Book Number 8170166713
035 ## - SYSTEM CONTROL NUMBER
System control number B-157936
037 ## - SOURCE OF ACQUISITION
Source of stock number/acquisition Cen Lib/Ret
040 ## - CATALOGING SOURCE
Original cataloging agency DPL
Language of cataloging HN
082 ## - DEWEY DECIMAL CLASSIFICATION NUMBER
Classification number 822
Item number सरता
100 ## - MAIN ENTRY--PERSONAL NAME
Personal name सरताज, बनो
9 (RLIN) 63804
245 ## - TITLE STATEMENT
Title तीस एकांकी /
Statement of responsibility, etc सरताज बानो
246 ## - VARYING FORM OF TITLE
Title proper/short title Tees ekanki /
Remainder of title by Bano Sartaj
260 ## - PUBLICATION, DISTRIBUTION, ETC. (IMPRINT)
Place of publication, distribution, etc नई दिल्ली
Name of publisher, distributor, etc किताब घर
Date of publication, distribution, etc 2005
270 ## - ADDRESS
City नई दिल्ली
Address 24/4855, अंसारी रोड, दरियागंज
Postal code 110002
300 ## - PHYSICAL DESCRIPTION
Extent 270पृ.
Dimensions 20मी(सजिल्द)
650 ## - SUBJECT ADDED ENTRY--TOPICAL TERM
Topical term or geographic name as entry element हिन्दी साहित्य
9 (RLIN) 63805
650 ## - SUBJECT ADDED ENTRY--TOPICAL TERM
Topical term or geographic name as entry element हिन्दी साहित्य -- नाटक
9 (RLIN) 46022
650 ## - SUBJECT ADDED ENTRY--TOPICAL TERM
Topical term or geographic name as entry element Hindi literature
9 (RLIN) 63806
650 ## - SUBJECT ADDED ENTRY--TOPICAL TERM
Topical term or geographic name as entry element Hindi literature -- Drama
9 (RLIN) 63807
942 ## - ADDED ENTRY ELEMENTS (KOHA)
Source of classification or shelving scheme Dewey Decimal Classification
Koha item type Hindi Books
Classification part 822
Call number suffix सरता
Holdings
Withdrawn status Lost status Damaged status Not for loan Home library Current library Date acquired Source of acquisition Cost, normal purchase price Total Checkouts Full call number Barcode Date last seen Date checked out Copy number Cost, replacement price Price effective from Koha item type Total Renewals
        Central Library Central Library 08/08/2015 Cen Lib/Ret 200.00 1 822 सरता B-157936 27/05/2022 19/05/2022 1 200.00 08/08/2015 Hindi Books  
        Central Library Central Library 11/08/2015 Cen Lib/Ret 200.00 4 822 सरता B-138986 03/02/2025 02/01/2025 2 200.00 11/08/2015 Hindi Books 2

© Delhi Public Library
Hit Counter
free hit counter